000 00352nam a2200133 i 4500
001 bg
100 1 _aMARCINKOWSKA, E.
245 0 _aProblemy decyzyjne w projektowaniu obiektów i procesów budowlanych /
_cE.Marcinkowska.
260 _aWrocław,
_c1985.
040 _cBPK
041 _apol
942 _cKS
008 s pl f |000 0 pol
999 _c28542
_d28542
856 _uhttp://koha.tu.koszalin.pl/cgi-bin/koha/opac-detail.pl?biblionumber=28542
_yKatalog online BPK